[Event "22. OSREDNJA SLOVENSKA LIGA 2021"]
[Site "gostovanja"]
[Date "2021.10.07"]
[Round "4.3"]
[White "Debevec, Blaz"]
[Black "Vertacnik, Viktor"]
[Result "1-0"]
[WhiteElo "2118"]
[BlackElo "1607"]
[PlyCount "59"]
[EventDate "2021.10.07"]
[WhiteTeam "SK KOMENDA POPOTNIK"]
[BlackTeam "KPSRD KAREL JERAJ"]

1. d4 d5 2. c4 e6 3. Nf3 Nf6 4. g3 b6 5. Bg2 Bb7 6. Ne5 Nbd7 7. Nc3 Be7 8. Qa4
O-O 9. Nc6 Qe8 10. cxd5 exd5 11. O-O a6 12. Nxd5 Nxd5 13. Bxd5 Bd6 14. Ne7+
Qxe7 15. Bxb7 b5 16. Qc2 Ra7 17. Bf3 c5 18. Be3 Rc7 19. dxc5 Nxc5 20. Qf5 Re8
21. Rad1 Qe5 22. Qxe5 Bxe5 23. b3 Ne6 24. Rd2 Rec8 25. Rfd1 Kf8 26. Rd5 Bf6 27.
Rd6 Rc2 28. Rxa6 Ng5 29. Bxg5 Bxg5 30. Ra8 1-0

[Event "22. OSREDNJA SLOVENSKA LIGA 2021"]
[Site "gostovanja"]
[Date "2021.10.07"]
[Round "4.4"]
[White "Stimec, Marjan"]
[Black "Kobold, Andrej"]
[Result "1/2-1/2"]
[WhiteElo "1000"]
[BlackElo "1936"]
[PlyCount "149"]
[EventDate "2021.10.07"]
[WhiteTeam "KPSRD KAREL JERAJ"]
[BlackTeam "SK KOMENDA POPOTNIK"]

1. e4 c5 2. Nf3 e6 3. d4 cxd4 4. Nxd4 Nc6 5. Be3 Qc7 6. Nb5 Qb8 7. Qd2 a6 8.
Nd4 Nf6 9. f3 Be7 10. Nc3 b5 11. O-O-O Ne5 12. Qf2 Nc4 13. Nb3 Nxe3 14. Qxe3 d6
15. g4 Qc7 16. Bd3 Bb7 17. h4 Rc8 18. Kb1 Nd7 19. g5 Ne5 20. f4 Nxd3 21. cxd3
O-O 22. Rc1 Qd7 23. h5 b4 24. Ne2 Rxc1+ 25. Rxc1 Rc8 26. h6 Rxc1+ 27. Nexc1 e5
28. f5 f6 29. g6 hxg6 30. fxg6 gxh6 31. Qxh6 Bf8 32. Qh5 d5 33. Qf3 Qc6 34. Qh5
Qd7 35. Qh1 dxe4 36. dxe4 f5 37. Nd2 Bg7 38. Ncb3 Qd6 39. Qh7+ Kf8 40. exf5 e4
41. Qh3 Qf6 42. Nc4 Bc8 43. Qg3 Qxf5 44. Qd6+ Kg8 45. Qd8+ Bf8 46. Ne3 Qd7 47.
Qh4 Qd3+ 48. Nc2 Bg7 49. Qf4 Be6 50. Qb8+ Bf8 51. Qa7 Bd7 52. Nc1 Qd6 53. Nd4
e3 54. Nce2 Qxg6+ 55. Kc1 Bg4 56. Qb7 Bxe2 57. Nxe2 Qd6 58. Qg2+ Kh7 59. Qe4+
Qg6 60. Qb7+ Kh8 61. Qc8 Qh6 62. Qc4 Qf6 63. Qd4 Qxd4 64. Nxd4 Kg7 65. Kc2 Kf7
66. b3 Ke8 67. Kd3 Kd7 68. Nc2 Kc6 69. Kxe3 a5 70. Kd4 Bc5+ 71. Kc4 Bf2 72.
Nd4+ Bxd4 73. Kxd4 Kd6 74. Kc4 Kc6 75. Kd4 1/2-1/2

[Event "22. OSREDNJA SLOVENSKA LIGA 2021"]
[Site "gostovanja"]
[Date "2021.10.07"]
[Round "4.1"]
[White "Hribar, Janez"]
[Black "Mihelic, Vesna"]
[Result "1/2-1/2"]
[WhiteElo "1946"]
[BlackElo "1882"]
[PlyCount "43"]
[EventDate "2021.10.07"]
[WhiteTeam "SD CRNI GRABEN"]
[BlackTeam "SD MENGES - TRZIN"]

1. c4 e6 2. Nc3 d5 3. d4 Nf6 4. Bg5 Be7 5. e3 h6 6. Bh4 O-O 7. Nf3 b6 8. Bd3
Bb7 9. O-O Nbd7 10. Rc1 c5 11. cxd5 Nxd5 12. Bg3 N7f6 13. Ne5 Rc8 14. h3 cxd4
15. exd4 Nxc3 16. bxc3 Ne4 17. Bxe4 Bxe4 18. Qa4 Bg5 19. f4 Be7 20. Rfe1 Bf5
21. Nc6 Qd7 22. Nxe7+ 1/2-1/2

[Event "22. OSREDNJA SLOVENSKA LIGA 2021"]
[Site "gostovanja"]
[Date "2021.10.07"]
[Round "4.2"]
[White "Sedlar, Tomo"]
[Black "Skok, Boris"]
[Result "1-0"]
[WhiteElo "1860"]
[BlackElo "1889"]
[PlyCount "109"]
[EventDate "2021.10.07"]
[WhiteTeam "SD MENGES - TRZIN"]
[BlackTeam "SD CRNI GRABEN"]

1. d4 Nf6 2. c4 e6 3. Nc3 d5 4. Bf4 Be7 5. e3 O-O 6. Nf3 Nbd7 7. Be2 dxc4 8.
Bxc4 Nb6 9. Bb3 Nbd5 10. Be5 b6 11. O-O Bb7 12. Rc1 c5 13. dxc5 Nxc3 14. Bxc3
Bxc5 15. Qe2 Qe7 16. Rfd1 Rfd8 17. Bd4 Bd6 18. Ne5 Rac8 19. f3 Nd5 20. Nc4 Bc5
21. Bxc5 Qxc5 22. Kf2 Qe7 23. e4 Nf4 24. Qe3 Qf6 25. g3 Ng6 26. e5 Qe7 27. Nd6
Rxc1 28. Rxc1 Ba6 29. f4 h6 30. Bc2 Nf8 31. Qa3 Bb7 32. Qxa7 Rd7 33. Qxb6 Bd5
34. Bb3 Bxb3 35. Qxb3 Qd8 36. Rc8 Qa5 37. Rc2 Qa7+ 38. Kg2 Qa8+ 39. Kh3 Qh1 40.
Qc4 Qd1 41. b4 Ra7 42. b5 Ng6 43. b6 Ra3 44. b7 Rd3 45. b8=Q+ Kh7 46. Qxd3 Qxd3
47. Rf2 Qd4 48. Qb2 Qd1 49. Nxf7 Qd3 50. a4 Qf5+ 51. Kg2 Qxf7 52. a5 Qa7 53.
Qb6 Qa8+ 54. Kg1 Qd5 55. a6 1-0

[Event "22. OSREDNJA SLOVENSKA LIGA 2021"]
[Site "gostovanja"]
[Date "2021.10.07"]
[Round "4.3"]
[White "Vidergar, Milan"]
[Black "Simicak, Metod"]
[Result "0-1"]
[WhiteElo "1753"]
[BlackElo "1677"]
[PlyCount "108"]
[EventDate "2021.10.07"]
[WhiteTeam "SD CRNI GRABEN"]
[BlackTeam "SD MENGES - TRZIN"]

1. d4 Nf6 2. c4 g6 3. Nc3 d5 4. e3 Bg7 5. Bd3 O-O 6. Bd2 Nc6 7. a3 e5 8. Qc2
exd4 9. Nxd5 Nxd5 10. cxd5 dxe3 11. Bxe3 Qxd5 12. O-O-O Qa2 13. Ne2 Be6 14. Nc3
Qb3 15. Qxb3 Bxb3 16. Rd2 Ne5 17. Bc2 Bxc2 18. Kxc2 Nc4 19. Rd3 Rfd8 20. Rhd1
Rxd3 21. Rxd3 b6 22. Kb3 Na5+ 23. Ka4 c6 24. b4 Nc4 25. Kb3 b5 26. Rd7 a5 27.
bxa5 Nxe3 28. fxe3 Bxc3 29. Kxc3 Rxa5 30. Kb4 Ra4+ 31. Kb3 Re4 32. Rd3 Kg7 33.
Kc3 h5 34. Kd2 Kf6 35. Rc3 Re6 36. h3 Rd6+ 37. Ke2 Ke5 38. Kf3 f5 39. Rc5+ Kf6
40. h4 Re6 41. g3 Ke7 42. Rc3 Kd6 43. Rd3+ Kc7 44. Rb3 Re4 45. Ke2 Kb6 46. Rd3
Re6 47. Kd2 c5 48. Kc3 Kc6 49. Kd2 Rd6 50. Rxd6+ Kxd6 51. Kc3 Kd5 52. Kd3 Ke5
53. Kd2 Ke4 54. Ke2 c4 0-1

[Event "22. OSREDNJA SLOVENSKA LIGA 2021"]
[Site "gostovanja"]
[Date "2021.10.07"]
[Round "4.4"]
[White "Grasic, Marjan"]
[Black "Krulej, Marko"]
[Result "1-0"]
[WhiteElo "1700"]
[BlackElo "1631"]
[PlyCount "120"]
[EventDate "2021.10.07"]
[WhiteTeam "SD MENGES - TRZIN"]
[BlackTeam "SD CRNI GRABEN"]

1. e4 e5 2. Nf3 d6 3. Bc4 Nf6 4. Nc3 c6 5. O-O Be7 6. h3 O-O 7. d4 exd4 8. Qxd4
Nbd7 9. Bg5 h6 10. Bf4 Ne8 11. Rad1 Nb6 12. Bb3 Be6 13. Rfe1 Bxb3 14. axb3 f6
15. Ne2 Rf7 16. c4 Qc8 17. Ng3 Qe6 18. Nf5 Bf8 19. Nxd6 Nxd6 20. Bxd6 Rd7 21.
c5 Nc8 22. e5 Nxd6 23. cxd6 fxe5 24. Qc4 Qxc4 25. bxc4 Rxd6 26. Nxe5 Rxd1 27.
Rxd1 Re8 28. f4 Bc5+ 29. Kh2 Re7 30. Kg3 a5 31. Kg4 Kh7 32. h4 Rc7 33. Rd7 Rxd7
34. Nxd7 Bd4 35. b3 b5 36. Nf8+ Kg8 37. Ne6 Bb6 38. c5 Ba7 39. Nd4 a4 40. b4
Bb8 41. Nxc6 a3 42. Nd4 a2 43. Nb3 Bc7 44. Kf5 Bd8 45. h5 Kf7 46. g4 Bc7 47. g5
hxg5 48. fxg5 Bd8 49. g6+ Ke7 50. Ke5 Kd7 51. Kd5 Bf6 52. c6+ Kc7 53. Kc5 a1=Q
54. Nxa1 Bxa1 55. Kxb5 Bd4 56. Kc4 Be3 57. Kd5 Kb6 58. b5 Bf4 59. Ke4 Bc7 60.
h6 gxh6 1-0

[Event "22. OSREDNJA SLOVENSKA LIGA 2021"]
[Site "gostovanja"]
[Date "2021.10.07"]
[Round "4.1"]
[White "Cimperman, Teo"]
[Black "Plaskan, Jure"]
[Result "0-1"]
[WhiteElo "1623"]
[BlackElo "2186"]
[PlyCount "90"]
[EventDate "2021.10.07"]
[WhiteTeam "SK KOMENDA POGI"]
[BlackTeam "SD DOMZALE"]

1. e4 c5 2. Nf3 e6 3. d4 cxd4 4. Nxd4 a6 5. c4 Qc7 6. Nc3 Nf6 7. Be3 b6 8. f3
Bb7 9. Be2 Be7 10. Qd2 d6 11. g4 Nc6 12. g5 Nd7 13. h4 Rc8 14. Rc1 Qb8 15. f4
Nc5 16. Bf3 Qa8 17. Nxc6 Bxc6 18. Qd4 e5 19. fxe5 dxe5 20. Qd2 Nxe4 21. Qg2
Nxc3 22. Bxc6+ Qxc6 23. Qxc6+ Rxc6 24. bxc3 O-O 25. Rg1 Rxc4 26. Bxb6 Ba3 27.
Rc2 Rb8 28. Bf2 Re4+ 29. Kf1 Rb1+ 30. Kg2 Rg4+ 31. Kh2 Rbxg1 32. Bxg1 Rxh4+ 33.
Kg3 Rc4 34. Be3 f5 35. gxf6 gxf6 36. Bd2 Kf7 37. Kf3 f5 38. Ke3 e4 39. Kf4 Ke6
40. Be1 Bd6+ 41. Kg5 e3 42. Kh6 f4 43. Kxh7 f3 44. Kg6 Rg4+ 45. Kh5 Rg2 0-1

[Event "22. OSREDNJA SLOVENSKA LIGA 2021"]
[Site "gostovanja"]
[Date "2021.10.07"]
[Round "4.2"]
[White "Skok, Joze"]
[Black "Macek, Inti"]
[Result "1-0"]
[WhiteElo "1961"]
[BlackElo "1229"]
[PlyCount "45"]
[EventDate "2021.10.07"]
[WhiteTeam "SD DOMZALE"]
[BlackTeam "SK KOMENDA POGI"]

1. e4 e5 2. Nf3 Nc6 3. Bb5 Nf6 4. d4 exd4 5. e5 Nd5 6. O-O Bc5 7. c3 a6 8. Ba4
Nb6 9. cxd4 Nxa4 10. Qxa4 b5 11. Qd1 Bb6 12. d5 Ne7 13. d6 cxd6 14. exd6 Nc6
15. Re1+ Kf8 16. Bg5 f6 17. Bh4 Bb7 18. Nc3 Na5 19. Nd5 Bxd5 20. Qxd5 Qc8 21.
Re7 Qc4 22. Qxa8+ Bd8 23. Qxd8# 1-0

[Event "22. OSREDNJA SLOVENSKA LIGA 2021"]
[Site "gostovanja"]
[Date "2021.10.07"]
[Round "4.3"]
[White "Babarovic, Fran"]
[Black "Faganel, Kaja"]
[Result "0-1"]
[WhiteElo "1108"]
[BlackElo "1481"]
[PlyCount "80"]
[EventDate "2021.10.07"]
[WhiteTeam "SK KOMENDA POGI"]
[BlackTeam "SD DOMZALE"]

1. e4 c5 2. Nc3 d6 3. g3 g6 4. Bg2 Bg7 5. d3 Nf6 6. Nge2 Nc6 7. h3 a6 8. Be3
O-O 9. Qd2 Re8 10. O-O Qc7 11. d4 cxd4 12. Nxd4 Ne5 13. Nd5 Nxd5 14. exd5 Bd7
15. b3 Bc8 16. Rac1 b5 17. f4 Nd7 18. c4 bxc4 19. Rxc4 Qb7 20. Rb4 Qc7 21. Rc1
Nc5 22. Rbc4 a5 23. Ne2 Ba6 24. R4c2 Rec8 25. Bxc5 dxc5 26. d6 exd6 27. Bxa8
Rxa8 28. Rd1 Qd7 29. Kh2 Bxe2 30. Qxe2 Re8 31. Qd2 Re6 32. Rxc5 Qe7 33. Rc8+
Bf8 34. Qc3 Re2+ 35. Kg1 Qd7 36. Qc4 Rxa2 37. Rc7 Qe8 38. b4 Qe3+ 39. Kh1 Qf3+
40. Kg1 Qg2# 0-1

[Event "22. OSREDNJA SLOVENSKA LIGA 2021"]
[Site "gostovanja"]
[Date "2021.10.07"]
[Round "4.4"]
[White "Zmaucar, Miha"]
[Black "Kern, Anze"]
[Result "1-0"]
[WhiteElo "1372"]
[BlackElo "1500"]
[PlyCount "57"]
[EventDate "2021.10.07"]
[WhiteTeam "SD DOMZALE"]
[BlackTeam "SK KOMENDA POGI"]

1. d4 d5 2. c4 Nf6 3. Nf3 Bf5 4. g3 e6 5. Bg2 Bb4+ 6. Bd2 Nc6 7. Bxb4 Nxb4 8.
Qa4+ Nc6 9. Ne5 Qd6 10. c5 Qd8 11. Nc3 O-O 12. Nxc6 bxc6 13. Qxc6 Rb8 14. b3
Rb4 15. Rd1 Qb8 16. O-O Bg4 17. f3 Bf5 18. e4 dxe4 19. fxe4 Bg4 20. Rd2 Rd8 21.
d5 e5 22. Rff2 Re8 23. h3 Bh5 24. Rxf6 gxf6 25. Qxf6 Bg6 26. Qg5 Qd8 27. Qh6
Qe7 28. d6 cxd6 29. Nd5 1-0

[Event "22. OSREDNJA SLOVENSKA LIGA 2021"]
[Site "gostovanja"]
[Date "2021.10.07"]
[Round "4.1"]
[White "Srebrnic, Vojko"]
[Black "Krupenko, Peter"]
[Result "0-1"]
[WhiteElo "2186"]
[BlackElo "1922"]
[PlyCount "86"]
[EventDate "2021.10.07"]
[WhiteTeam "SK LJUBLJANA"]
[BlackTeam "SK TRZIN BUSCOTRADE"]

1. d4 d5 2. Bf4 Nf6 3. e3 e6 4. Nd2 Be7 5. Bd3 Nbd7 6. Ngf3 Nh5 7. Bg3 Nxg3 8.
hxg3 g6 9. Qe2 O-O 10. e4 Bf6 11. e5 Bg7 12. g4 f6 13. exf6 Nxf6 14. Ne5 c5 15.
c3 cxd4 16. cxd4 Qb6 17. Nb3 Qb4+ 18. Qd2 Qxd2+ 19. Kxd2 Nd7 20. Nxd7 Bxd7 21.
f3 b6 22. Ba6 Ba4 23. Kd3 Bxb3 24. axb3 Rf4 25. Rae1 Rxd4+ 26. Kc2 Re8 27. Re2
Re7 28. Rhe1 Kf7 29. Re3 Bh6 30. Rd3 Rc7+ 31. Kb1 Rxd3 32. Bxd3 Bf4 33. Rh1 Kf6
34. Re1 a5 35. Ka2 Bg3 36. Rd1 Ke5 37. b4 axb4 38. Kb3 Bf2 39. Rd2 Be3 40. Rc2
Rc5 41. Re2 Kf4 42. Kxb4 e5 43. Re1 Bd2+ 0-1

[Event "22. OSREDNJA SLOVENSKA LIGA 2021"]
[Site "gostovanja"]
[Date "2021.10.07"]
[Round "4.2"]
[White "Krumpak, Hinko"]
[Black "Sfiligoj, Anze"]
[Result "1-0"]
[WhiteElo "1999"]
[BlackElo "1728"]
[PlyCount "79"]
[EventDate "2021.10.07"]
[WhiteTeam "SK TRZIN BUSCOTRADE"]
[BlackTeam "SK LJUBLJANA"]

1. Nf3 d5 2. b3 c5 3. e3 Nf6 4. Bb2 a6 5. c4 dxc4 6. bxc4 Bf5 7. Qb3 Qd7 8. Ne5
Qc7 9. Be2 Nc6 10. Nxc6 Qxc6 11. O-O e6 12. Bxf6 gxf6 13. Bf3 Be4 14. Bxe4 Qxe4
15. Nc3 Qc6 16. Qa4 Qxa4 17. Nxa4 O-O-O 18. Rfd1 f5 19. Rab1 Rd3 20. Rb3 Rxb3
21. axb3 Kc7 22. Kf1 Be7 23. Rc1 Rd8 24. Ke2 Kc6 25. d3 b5 26. cxb5+ axb5 27.
Nxc5 Bxc5 28. d4 Ra8 29. Rxc5+ Kb6 30. Re5 Ra3 31. d5 exd5 32. Rxd5 Rxb3 33.
Rxf5 b4 34. Rxf7 Kc5 35. Rxh7 Rb2+ 36. Kf3 Ra2 37. Rc7+ Kb6 38. Rc1 Rb2 39. h4
b3 40. h5 1-0

[Event "22. OSREDNJA SLOVENSKA LIGA 2021"]
[Site "gostovanja"]
[Date "2021.10.07"]
[Round "4.3"]
[White "Tomac, Kristof"]
[Black "Rojs, Igor"]
[Result "0-1"]
[WhiteElo "1264"]
[BlackElo "1943"]
[PlyCount "186"]
[EventDate "2021.10.07"]
[WhiteTeam "SK LJUBLJANA"]
[BlackTeam "SK TRZIN BUSCOTRADE"]

1. e4 d5 2. d4 dxe4 3. Nc3 Nf6 4. f3 exf3 5. Nxf3 c6 6. Bg5 e6 7. Qd2 Be7 8.
O-O-O Nbd7 9. h4 Nb6 10. Ne5 Bd7 11. Bd3 Nbd5 12. Nxd5 Nxd5 13. c4 Nb4 14. Bb1
f6 15. Nxd7 Qxd7 16. Be3 O-O-O 17. a3 Na6 18. Ba2 c5 19. Qf2 Qc7 20. d5 e5 21.
Bb1 g6 22. h5 f5 23. hxg6 hxg6 24. g4 f4 25. Bd2 g5 26. Bf5+ Kb8 27. Bc3 Bf6
28. Rde1 Rh4 29. Qe2 Re8 30. Be6 Reh8 31. Rxh4 gxh4 32. Bxe5 Bxe5 33. Qxe5 Qxe5
34. Rxe5 Nc7 35. Bf5 Re8 36. Rxe8+ Nxe8 37. g5 Kc7 38. Kd2 Kd6 39. Ke2 Ke5 40.
Bh3 Nd6 41. b3 Ne4 42. g6 Kf6 43. Kf3 Ng5+ 44. Kg4 Kxg6 45. Kxh4 Ne4 46. Bg2
Nd2 47. Kg4 Nxb3 48. Kxf4 Kf6 49. Ke4 Nd4 50. Bh3 Ke7 51. Bg4 Kd6 52. Kf4 b5
53. cxb5 Nxb5 54. Bf3 Nxa3 55. Ke3 Nc4+ 56. Ke2 Nb6 57. Kd3 Nxd5 58. Kc4 Nc7
59. Be2 Kc6 60. Bf3+ Kb6 61. Be4 Nb5 62. Bd3 a5 63. Kb3 Nd6 64. Ka4 Nf7 65. Be4
Ne5 66. Bc2 Nf3 67. Bd3 Ne5 68. Bc2 Nc6 69. Bd3 Nb4 70. Bc4 Nc6 71. Bd3 Nd8 72.
Bc4 Nb7 73. Bd3 Nd6 74. Bc2 c4 75. Bb1 Nb7 76. Bc2 Nc5+ 77. Ka3 Kb5 78. Bg6 c3
79. Bf7 Kc6 80. Bg6 Kd5 81. Bf5 Kd4 82. Bc2 Ke3 83. Bb1 Kd2 84. Ka2 c2 85. Bxc2
Kxc2 86. Ka1 Kb3 87. Kb1 Ka3 88. Ka1 Nb3+ 89. Kb1 a4 90. Kc2 Ka2 91. Kc3 a3 92.
Kc2 Na1+ 93. Kc1 Kb3 0-1

[Event "22. OSREDNJA SLOVENSKA LIGA 2021"]
[Site "gostovanja"]
[Date "2021.10.07"]
[Round "4.4"]
[White "Rojs, Lan"]
[Black "Gerden, Tomaz"]
[Result "1-0"]
[WhiteElo "1000"]
[BlackElo "1000"]
[PlyCount "61"]
[EventDate "2021.10.07"]
[WhiteTeam "SK TRZIN BUSCOTRADE"]
[BlackTeam "SK LJUBLJANA"]

1. d4 d5 2. c4 e6 3. Nc3 Nf6 4. Bf4 a6 5. e3 Be7 6. Nf3 Nbd7 7. Qb3 c6 8. h3
O-O 9. Bd3 h6 10. O-O dxc4 11. Bxc4 Nd5 12. Bg3 N7f6 13. Bd3 Bd6 14. Bxd6 Qxd6
15. Qc2 Nxc3 16. bxc3 Qd8 17. Rab1 b5 18. Ne5 Qc7 19. c4 Nd7 20. Nxc6 Nc5 21.
dxc5 Qxc6 22. Be4 Qxc5 23. Bxa8 Qxc4 24. Qxc4 bxc4 25. Rfc1 Bd7 26. Bf3 Bb5 27.
Rb4 Rc8 28. a4 Bd7 29. Rbxc4 Rxc4 30. Rxc4 Kf8 31. Bb7 1-0

[Event "22. OSREDNJA SLOVENSKA LIGA 2021"]
[Site "gostovanja"]
[Date "2021.10.14"]
[Round "5.1"]
[White "Krupenko, Peter"]
[Black "Gantar, Jan"]
[Result "0-1"]
[WhiteElo "1922"]
[BlackElo "2162"]
[PlyCount "86"]
[EventDate "2021.10.14"]
[WhiteTeam "SK TRZIN BUSCOTRADE"]
[BlackTeam "SK KOMENDA POPOTNIK"]

1. Nf3 Nf6 2. c4 c5 3. Nc3 g6 4. g3 b6 5. Bg2 Bb7 6. O-O Bg7 7. d3 O-O 8. Bf4
d6 9. Qd2 Re8 10. Bh6 Bh8 11. h3 Nbd7 12. e4 e6 13. Nh2 a6 14. f4 Nh5 15. Ne2
f5 16. g4 Ng7 17. Nc3 fxg4 18. Bg5 Qc7 19. hxg4 Rf8 20. f5 Ne5 21. Bh6 Rfd8 22.
Rae1 b5 23. cxb5 axb5 24. Nxb5 Qb6 25. Nc3 Nxd3 26. Qxd3 Nxf5 27. Qh3 Nxh6 28.
Qxh6 Ba6 29. Rf7 Kxf7 30. Qxh7+ Bg7 31. Re3 c4 32. Qh3 Bd4 33. Qh7+ Kf8 34. Nf3
Bxe3+ 35. Kh1 Ra7 36. Qh8+ Ke7 37. Qg7+ Ke8 38. Qxg6+ Kd7 39. Qf7+ Kc8 40.
Qxe6+ Kb8 41. Nd5 Rh7+ 42. Bh3 Qxb2 43. g5 Bc8 0-1

[Event "22. OSREDNJA SLOVENSKA LIGA 2021"]
[Site "gostovanja"]
[Date "2021.10.14"]
[Round "5.2"]
[White "Juhant, Igor"]
[Black "Jukan, Nesib"]
[Result "0-1"]
[WhiteElo "2009"]
[BlackElo "1965"]
[PlyCount "68"]
[EventDate "2021.10.14"]
[WhiteTeam "SK KOMENDA POPOTNIK"]
[BlackTeam "SK TRZIN BUSCOTRADE"]

1. e4 e5 2. Nc3 Nf6 3. f4 d5 4. fxe5 Nxe4 5. Nf3 Bg4 6. d3 Nxc3 7. bxc3 c5 8.
Be2 Nc6 9. O-O Be7 10. d4 O-O 11. Be3 Rc8 12. h3 Be6 13. Qd2 cxd4 14. cxd4 Na5
15. Rab1 b6 16. Ba6 Rc7 17. Rf2 Nc4 18. Qe2 Bc8 19. Bxc4 Rxc4 20. Rb3 Be6 21.
c3 Qc8 22. Qd3 Bf5 23. Qd2 Bg6 24. Qb2 Qe6 25. Nd2 Rc6 26. Nf1 Rfc8 27. Bd2 Bd3
28. Qa1 Bc4 29. Rb1 Bh4 30. g3 Bxf1 31. Rbxf1 Bxg3 32. Rg2 Qxh3 33. Qd1 Rg6 34.
Qf3 Rf8 0-1

[Event "22. OSREDNJA SLOVENSKA LIGA 2021"]
[Site "gostovanja"]
[Date "2021.10.14"]
[Round "5.3"]
[White "Rojs, Igor"]
[Black "Kobold, Andrej"]
[Result "1/2-1/2"]
[WhiteElo "1943"]
[BlackElo "1936"]
[PlyCount "85"]
[EventDate "2021.10.14"]
[WhiteTeam "SK TRZIN BUSCOTRADE"]
[BlackTeam "SK KOMENDA POPOTNIK"]

1. d4 f5 2. g3 Nf6 3. Bg2 e6 4. Nf3 Be7 5. O-O O-O 6. c4 Qe8 7. Nc3 Qh5 8. Bf4
d6 9. Qd3 h6 10. e4 fxe4 11. Nxe4 Nbd7 12. Nxf6+ Bxf6 13. Rfe1 Qf5 14. Qxf5
exf5 15. h4 Rd8 16. Rad1 Nf8 17. b3 Ne6 18. Bc1 Rb8 19. Bh3 Nf8 20. a4 Bd7 21.
d5 Re8 22. Kf1 a5 23. Nd4 Bxd4 24. Rxd4 h5 25. Rd2 Ng6 26. f4 Rxe1+ 27. Kxe1
Nf8 28. Re2 Kf7 29. Bb2 g6 30. Bg2 Re8 31. Rxe8 Bxe8 32. c5 dxc5 33. Be5 b5 34.
axb5 Bxb5 35. Bxc7 a4 36. bxa4 Bxa4 37. Kd2 Nd7 38. Bd6 Bb5 39. Bf3 Bc4 40. Kc3
Ba2 41. Kb2 Bc4 42. Ka3 Nf6 43. Bxc5 1/2-1/2

[Event "22. OSREDNJA SLOVENSKA LIGA 2021"]
[Site "gostovanja"]
[Date "2021.10.14"]
[Round "5.4"]
[White "Zidar, Jernej"]
[Black "Rojs, Lan"]
[Result "1-0"]
[WhiteElo "1684"]
[BlackElo "1000"]
[PlyCount "57"]
[EventDate "2021.10.14"]
[WhiteTeam "SK KOMENDA POPOTNIK"]
[BlackTeam "SK TRZIN BUSCOTRADE"]

1. d4 Nf6 2. Nf3 e6 3. g3 d5 4. Bg2 Be7 5. O-O O-O 6. c4 b6 7. Nc3 Bb7 8. b3
dxc4 9. bxc4 c5 10. e3 Na6 11. Qe2 Ne4 12. Bb2 Nxc3 13. Bxc3 Qc7 14. d5 exd5
15. cxd5 Bd6 16. e4 f6 17. Nd2 Nb4 18. Bxb4 cxb4 19. Bh3 a5 20. Qh5 Bc8 21.
Rac1 Qe7 22. Rc6 Bc5 23. d6 Qd8 24. d7 Bb7 25. Be6+ Kh8 26. Bf5 g6 27. Bxg6 Qe7
28. Rc7 Ba6 29. d8=Q 1-0

[Event "22. OSREDNJA SLOVENSKA LIGA 2021"]
[Site "gostovanja"]
[Date "2021.10.14"]
[Round "5.1"]
[White "Plaskan, Jure"]
[Black "Marinko, Peter"]
[Result "0-1"]
[WhiteElo "2186"]
[BlackElo "1825"]
[PlyCount "98"]
[EventDate "2021.10.14"]
[WhiteTeam "SD DOMZALE"]
[BlackTeam "SK LJUBLJANA"]

1. e4 e5 2. Nf3 Nc6 3. Bb5 a6 4. Ba4 Nf6 5. O-O Be7 6. Re1 b5 7. Bb3 O-O 8. a4
Bb7 9. d3 d6 10. Nc3 Na5 11. Ba2 b4 12. Ne2 c5 13. Ng3 Bc8 14. h3 b3 15. cxb3
Rb8 16. Nd2 Nc6 17. Nc4 Nb4 18. Bb1 Rb7 19. Be3 Re8 20. f4 exf4 21. Bxf4 Bf8
22. Rf1 d5 23. Ne3 h6 24. Nef5 Bxf5 25. Nxf5 dxe4 26. dxe4 Rd7 27. Qf3 Nd3 28.
Bg3 Nxe4 29. Bxd3 Rxd3 30. Nxh6+ gxh6 31. Qxf7+ Kh8 32. Bc7 Qe7 33. Qg6 Rd7 34.
Rae1 Bg7 35. Rf4 Qe6 36. Qh5 Bd4+ 37. Kh2 Rxc7 38. Rexe4 Be5 39. g3 Rce7 40.
Rg4 Rg8 41. Rxg8+ Kxg8 42. Re3 Qf6 43. Qe2 Kh8 44. Re4 Qd6 45. Kg2 Qd5 46. Qf3
Qg8 47. g4 Qg7 48. Qe2 Bd6 49. Qxa6 Qxb2+ 0-1

[Event "22. OSREDNJA SLOVENSKA LIGA 2021"]
[Site "gostovanja"]
[Date "2021.10.14"]
[Round "5.2"]
[White "Tomac, Kristof"]
[Black "Turek, Lan Timotej"]
[Result "0-1"]
[WhiteElo "1264"]
[BlackElo "2031"]
[PlyCount "96"]
[EventDate "2021.10.14"]
[WhiteTeam "SK LJUBLJANA"]
[BlackTeam "SD DOMZALE"]

1. e4 d6 2. d4 g6 3. Nc3 Bg7 4. Bg5 Nc6 5. d5 Ne5 6. f4 Nd7 7. Qd2 c6 8. O-O-O
Qa5 9. Kb1 Bxc3 10. Qxc3 Qxc3 11. bxc3 Ngf6 12. Bxf6 Nxf6 13. Bd3 O-O 14. c4
Rb8 15. Kc1 Ng4 16. Rd2 f5 17. g3 fxe4 18. Bxe4 Bf5 19. Bxf5 Rxf5 20. Nf3 cxd5
21. Re1 dxc4 22. Rxe7 Rf7 23. Re6 Rd8 24. Rdxd6 Rxd6 25. Rxd6 Re7 26. Kd2 Re3
27. Ne5 c3+ 28. Kc1 Re1+ 29. Rd1 Rxd1+ 30. Kxd1 Nxe5 31. fxe5 Kf7 32. Ke2 Ke6
33. Kd3 Kxe5 34. Kxc3 Ke4 35. Kc4 Kf3 36. Kd5 Kg2 37. c4 Kxh2 38. Kd6 Kxg3 39.
c5 h5 40. Kc7 h4 41. Kxb7 h3 42. c6 h2 43. c7 h1=Q+ 44. Kxa7 Qc6 45. Kb8 Qb6+
46. Kc8 Kf4 47. a4 Ke5 48. Kd8 Kd6 0-1

[Event "22. OSREDNJA SLOVENSKA LIGA 2021"]
[Site "gostovanja"]
[Date "2021.10.14"]
[Round "5.3"]
[White "Cokan, Mirko"]
[Black "Komelj, Erazem"]
[Result "0-1"]
[WhiteElo "1683"]
[BlackElo "1902"]
[PlyCount "90"]
[EventDate "2021.10.14"]
[WhiteTeam "SD DOMZALE"]
[BlackTeam "SK LJUBLJANA"]

1. e4 c6 2. Nc3 d5 3. exd5 cxd5 4. d4 Nf6 5. Bd3 Nc6 6. Nf3 Bg4 7. Bb5 e6 8.
O-O Bd6 9. Re1 O-O 10. Be2 a6 11. Bg5 Rc8 12. a3 b5 13. Na2 h6 14. Bh4 g5 15.
Nxg5 Bxe2 16. Rxe2 hxg5 17. Bxg5 Be7 18. Re3 Ne4 19. Bh6 Bg5 20. Rh3 Bxh6 21.
Rxh6 Qg5 22. Rh3 Kg7 23. Nc3 Kf6 24. Nxe4+ dxe4 25. Rg3 Qd5 26. c3 Rg8 27. Re3
Ke7 28. Qe2 Rg7 29. Re1 Kd7 30. Rg3 Rxg3 31. fxg3 f5 32. Rf1 Ne7 33. Qe3 Qb3
34. Qe2 Qc4 35. Qd2 Nd5 36. Qg5 Re8 37. h4 Qe2 38. Rf2 Qe1+ 39. Rf1 Qe3+ 40.
Qxe3 Nxe3 41. Rf4 Kd6 42. b3 Rc8 43. h5 Ng4 44. h6 Nxh6 45. Rh4 Ng4 0-1

[Event "22. OSREDNJA SLOVENSKA LIGA 2021"]
[Site "gostovanja"]
[Date "2021.10.14"]
[Round "5.4"]
[White "Lipovsek, Pavel"]
[Black "Groselj, Jerneja"]
[Result "0-1"]
[WhiteElo "1500"]
[BlackElo "1137"]
[PlyCount "150"]
[EventDate "2021.10.14"]
[WhiteTeam "SK LJUBLJANA"]
[BlackTeam "SD DOMZALE"]

1. d4 d5 2. c4 Nf6 3. Nc3 e6 4. Bf4 Be7 5. Nf3 O-O 6. e3 a6 7. a3 c5 8. Qc2 Nc6
9. Rd1 Bd6 10. Bd3 Bxf4 11. exf4 cxd4 12. Ne2 Qd6 13. O-O dxc4 14. Bxc4 b5 15.
Bd3 Bb7 16. Rfe1 Rac8 17. Qd2 Qd5 18. Ng3 Rfe8 19. Ne4 Ng4 20. h3 Nh6 21. Neg5
f6 22. Bxh7+ Kh8 23. Be4 Qd6 24. Bg6 Re7 25. Ne4 Qd5 26. Nxd4 f5 27. Nc3 Qc4
28. Nf3 Nf7 29. Qe3 Kg8 30. Bxf7+ Kxf7 31. Ne5+ Nxe5 32. fxe5 Qc6 33. Qg3 Rh8
34. Rd6 Qc5 35. Red1 Rh6 36. R1d3 Rg6 37. Qh4 Rxg2+ 38. Kf1 Qxe5 39. Rd7 Qc5
40. Rxb7 Rxf2+ 41. Qxf2 Qxf2+ 42. Kxf2 Rxb7 43. Kg3 Kf6 44. Rd6 Ra7 45. Kf4 g5+
46. Kg3 Ke5 47. Rd2 Rh7 48. Re2+ Kf6 49. Rh2 f4+ 50. Kf3 Kf5 51. Kg2 e5 52. Rh1
e4 53. Re1 e3 54. Rd1 Re7 55. Kf3 e2 56. Nxe2 Re3+ 57. Kf2 Rxh3 58. Rg1 g4 59.
Nd4+ Kg5 60. Ne6+ Kf5 61. Nd4+ Kg5 62. Rg2 Rd3 63. Ne6+ Kf5 64. Nc5 Rd6 65. Rg1
Rd2+ 66. Kf1 Rxb2 67. Rg2 Rb1+ 68. Kf2 Ra1 69. Nxa6 Rxa3 70. Nb4 g3+ 71. Ke1
Kg4 72. Nc2 Rc3 73. Nd4 f3 74. Rd2 f2+ 75. Ke2 Rc1 0-1

[Event "22. OSREDNJA SLOVENSKA LIGA 2021"]
[Site "gostovanja"]
[Date "2021.10.14"]
[Round "5.1"]
[White "Sedlar, Tomo"]
[Black "Perme, Martin"]
[Result "0-1"]
[WhiteElo "1860"]
[BlackElo "1679"]
[PlyCount "68"]
[EventDate "2021.10.14"]
[WhiteTeam "SD MENGES - TRZIN"]
[BlackTeam "SK KOMENDA POGI"]

1. d4 Nf6 2. c4 c5 3. d5 b5 4. cxb5 a6 5. b6 Qxb6 6. Nc3 g6 7. b3 Bg7 8. Bb2 d6
9. g3 Qa5 10. Qd2 Nbd7 11. Bg2 Rb8 12. Ne4 Qxd2+ 13. Nxd2 O-O 14. Nc4 Nb6 15.
Nxb6 Rxb6 16. Rc1 Bb7 17. e4 a5 18. Ne2 a4 19. Bxf6 Bxf6 20. bxa4 Ra8 21. O-O
Rxa4 22. Rb1 Rab4 23. Rxb4 Rxb4 24. Nc1 Ba6 25. Rd1 Rb2 26. Bf1 Bxf1 27. Rxf1
c4 28. Rd1 Bc3 29. Kf1 Bb4 30. Ne2 c3 31. Rc1 c2 32. Nd4 Rb1 33. Nb3 Bd2 34.
Nxd2 Rxc1+ 0-1